000 00790nam a22002417a 4500
005 20250520113038.0
008 250520b |||||||| |||| 00| 0 eng d
020 _a978-1-3503-4004-6 (hbk)
037 _cTB
040 _aCRL
_cCRL
041 _2eng
_aeng
084 _aR2-4 R3
_qCRL
100 _aTozser, Janos
_9809033
245 _aFailure of philosophical knowledge:
_bWhy philosophers are not entitled to their beliefs
260 _aLondon, UK:
_bBloomsbury Academic,
_c2023.
300 _avi, 230p.
365 _b 85.00
_cUKP
650 _aPhilosophy
650 _aTheory of Knowledge
_9809034
650 _aEthics
_9784358
942 _2CC
_cTB
_hR2-4 R3
_n0
999 _c1428866
_d1428866